Music Quiz

Random Music or The Beatles Quiz

Classic Rock Albums In Lyrics Quiz Stats

 Plays Quiz not verified by Sporcle

Score 0/24 Timer 10:00
0 Plays Today
% Correct
Paranoid (Black Sabbath)
79.2%
Head (The Monkees)
73.6%
Shake It Up (The Cars)
72.1%
Waiting for the Sun (The Doors)
69.7%
Some Girls (The Rolling Stones)
68.9%
1984 (Van Halen)
68.9%
In Through the Out Door (Led Zeppelin)
68.7%
Out of the Blue (Electric Light Orchestra)
68.7%
Meddle (Pink Floyd)
66.7%
Let's Dance (David Bowie)
65.3%
Mystery To Me (Fleetwood Mac)
63.8%
A Night at the Opera (Queen)
62.6%
% Correct
A Quick One (The Who)
60.4%
The Long Run (Eagles)
58.2%
Let It Be (The Beatles)
57.5%
Brave New World (Steve Miller Band)
57%
Pearl (Janis Joplin)
47.7%
Sunflower (The Beach Boys)
42.3%
Fly By Night (Rush)
40.8%
Can't Buy a Thrill (Steely Dan)
39.6%
Draw the Line (Aerosmith)
38.1%
Crown of Creation (Jefferson Airplane)
30.6%
Face to Face (The Kinks)
29.8%
Don't Look Back (Boston)
26.9%

You're not logged in!

Compare scores with friends on all Sporcle quizzes.
OR
Log In

You Might Also Like...

Show Comments

Extras

Top Quizzes Today


Score Distribution

Your Account Isn't Verified!

In order to create a playlist on Sporcle, you need to verify the email address you used during registration. Go to your Sporcle Settings to finish the process.

Report this User

Report this user for behavior that violates our Community Guidelines.

Details: